000 00583nam a2200205Ia 4500
005 20241129110239.0
008 241129s9999||||xx |||||||||||||| ||und||
037 _aTB
040 _aARTS
_beng
_cARTS
041 _aeng
_2urd
084 _aO168,1N151:g P9
_qARTS
100 _aRehman Shakeelur Au.
_9587210
245 0 _aAkhtarul Iman: jamaliyati lagend
_cRehman Shakeelur Au.
260 _aGurgaon, India
_bUrfi publications
_c1990
300 _a160p.
365 _aINR
_b300
650 _aUrdu Poetry
942 _cTB
_hO168,1N151:g P9
999 _c1227873
_d1227873